| 000 | 00378 a2200133 4500 | ||
|---|---|---|---|
| 082 | _a362.5 | ||
| 090 |
_c6172 _d6172 |
||
| 100 | _aAli,S.Maqsood. | ||
| 245 |
_aCollected Articles on Food & Nutrition. _cDr.S.Maqsood Ali. |
||
| 260 |
_aIslamabad. _bPakistan Council for Science and Technology. _c1993. |
||
| 300 | _a225p. | ||
| 500 | _aPaper cover. | ||
| 942 |
_aNBS _cBK _k362.5 ALI |
||
| 999 |
_c348548 _d348548 |
||